00907nam a22001457a 4500003000900000005001700009008004100026040001300067245012400080250001100204260004500215300001800260490002600278520045700304IT-RoPau20220918181106.0130522b xxu||||| |||| 00| 0 eng d cIT-RoPau aPer Cristo nello Spirito al Padre - Giovanni 13-21bItinerario spirituale FSP e SSP Provincia italiana - anno 1999-2000 a1° ed aRomabFSP e SSP Provincia italianac1999 a72 pp.c21 cm aItinerario spirituale aIndice Alle sorelle e ai fratelli Premessa all'Itinerario 1999-2000 Introduzione al vangelo di Giovanni Itinerario spirituale 1999-2000 1° giorno: L'ora di Gesù 2° giorno: Io sono la Via 3° giorno: Rimanete nel mio amore 4° giorno: Invierò a voi il Consolatore La preghiera di Gesù al Padre 5° giorno: Padre, tutto è compiuto 6° giorno: Pace a voi 7° giorno: Mi vuoi bene? Seguimi! Parola carismatica Offerta della vita di Maestra Tecla